Leviathan / (Record no. 351)

000 -LEADER
fixed length control field 00452nam a2200157Ia 4500
008 - FIXED-LENGTH DATA ELEMENTS--GENERAL INFORMATION
fixed length control field 190805s9999||||xx |||||||||||||| ||und||
020 ## - INTERNATIONAL STANDARD BOOK NUMBER
International Standard Book Number 9780141395098
Terms of availability £ 12.99
082 04 - DEWEY DECIMAL CLASSIFICATION NUMBER
Classification number 320.1
Item number H6521
100 1# - MAIN ENTRY--PERSONAL NAME
Personal name Hobbes, Thomas
245 10 - TITLE STATEMENT
Title Leviathan /
260 ## - PUBLICATION, DISTRIBUTION, ETC. (IMPRINT)
Place of publication, distribution, etc London :
Name of publisher, distributor, etc Penguin Classics,
Date of publication, distribution, etc 2017
300 ## - PHYSICAL DESCRIPTION
Extent xliii, 631 p.
Other physical details :
Dimensions ; 20 cm.
650 #0 - SUBJECT ADDED ENTRY--TOPICAL TERM
Topical term or geographic name as entry element Political science
Form subdivision Early works to 1800
852 ## - LOCATION/CALL NUMBER
Location
942 ## - ADDED ENTRY ELEMENTS (KOHA)
Item type Books
Holdings
Withdrawn status Lost status Damaged status Not for loan Collection code Date acquired Date last seen Koha item type Permanent location Current location Shelving location Source of acquisition Cost, normal purchase price Total Checkouts Full call number Barcode Date last borrowed Public note
        Non-fiction 2019-08-05 2019-08-05 Books                    
        Non-fiction 2018-07-20 2026-04-01 Books IMU Kochi Library IMU Kochi Library Fiction & General Green Books 599.00 1 320.1 H6521 BK005272 2026-03-09 Shelf-18, Row-2


Copyright © All Rights Reserved by Indian Maritime University, Kochi Campus.
For any Suggestions/Query Contact to library or Email: library.kochi@imu.ac.in Ph:(0484)-2989402
(Web OPAC Designed by Rudra Ranjan. Maintained by IMU Kochi Library)

Powered by Koha